000 00419nam a2200169 a 4500
001 0000-8844
003 ELIB.Books
008 110520 1899
035 _a(ELIB.Books)0000-8990
082 _a213
_bFis
100 _aFiske, John
245 _aThrough Nature to God
260 _bCambridge: The Riversside Press
_c1899
650 _aPsychology
942 _2ddc
_cBK
998 _cbat
_e2011-05-20
999 _c8844
_d8844